AH International Schools' Libraries

40-day journey with Dietrich Bonhoeffer / (Record no. 48884)

MARC details
000 -LEADER
fixed length control field 00604nam a2200169 4500
020 ## - INTERNATIONAL STANDARD BOOK NUMBER
International Standard Book Number 9780806653686 (alk. paper)
100 1# - MAIN ENTRY--PERSONAL NAME
Personal name Bonhoeffer, Dietrich,
Dates associated with a name 1906-1945.
245 10 - TITLE STATEMENT
Title 40-day journey with Dietrich Bonhoeffer /
Statement of responsibility, etc Ron Klug, editor.
246 3# - VARYING FORM OF TITLE
Title proper/short title Forty day journey with Dietrich Bonhoeffer
260 ## - PUBLICATION, DISTRIBUTION, ETC. (IMPRINT)
Place of publication, distribution, etc Minneapolis :
Name of publisher, distributor, etc Augsburg Books,
Date of publication, distribution, etc c2007.
300 ## - PHYSICAL DESCRIPTION
Extent 105 p. ;
Dimensions 23 cm.
490 0# - SERIES STATEMENT
Series statement The 40-day journey series
504 ## - BIBLIOGRAPHY, ETC. NOTE
Bibliography, etc Includes bibliographical references.
650 #0 - SUBJECT ADDED ENTRY--TOPICAL TERM
Topical term or geographic name as entry element Spiritual life. Devotional literature.
General subdivision Christianity.
9 (RLIN) 86274
700 1# - ADDED ENTRY--PERSONAL NAME
Personal name Klug, Ron.
9 (RLIN) 86275
942 ## - ADDED ENTRY ELEMENTS (KOHA)
Source of classification or shelving scheme
Koha item type Book
Holdings
Withdrawn status Lost status Source of classification or shelving scheme Damaged status Not for loan Collection code Home library Current library Shelving location Date acquired Total Checkouts Full call number Barcode Date last seen Price effective from Koha item type
          Non-Fiction Asian Hope Secondary Library Asian Hope Secondary Library SECONDARY 04/30/2025   242 BON 208325 01/16/2026 04/30/2025 Book

For any Logos Library related questions please contact Miss Art at swongnarasuk@asianhope.org.

For any Asian Hope Library related questions please contact Miss Raza at graza@asianhope.org.

Click here to explore our ebooks!

Powered by Koha